000 01407nam a22003737a 4500
003 CHAP
005 20220329132924.0
008 971013s1989 r 00010 d
010 _a287
011 _a1259
035 _a435
040 _cCHAP
090 _aTesis
100 0 0 _aMacías Cervantes, Jaime.
_969495
245 _aEfecto de dos sistemas de labranza sobre el rendimiento, la respuesta a la fertilización nitrogenada y fosfatada y la rentabilidad económica en cinco rotaciones de cultivos en la Sierra de Sonora
260 _aMontecillo, Méx. :
_bEl autor,
_c1989
300 _a205 h.
502 _aTesis (M.C. Esp. en Edafología)-- CP. Centro de Edafología
590 _aALEPH
_b10
_c20130110
_lUCH01
_h1204
590 _aBATCH-UPD
_b10
_c20130110
_lUCH01
_h1140
590 _aBATCH-UPD
_b10
_c20130410
_lUCH01
_h0726
590 _aBATCH-UPD
_b10
_c20130913
_lUCH01
_h2250
590 _aBATCH-UPD
_b10
_c20130914
_lUCH01
_h1711
590 _aCONVERSION
_b10
_c20130109
_lUCH01
_h1302
650 1 4 _aAgricultura
_xSonora.
_91824
650 1 4 _aCultivos
_xRendimiento.
_930318
650 1 4 _aLabranza.
_964303
650 1 4 _aRotación de cultivos.
_9100243
710 0 _aColegio de Postgraduados. Chapingo, Méx. Centro de Edafología.
_925074
901 _aBK
942 _cFOLL
949 _bBC
_cTES
_d33724000667440
_eTS1
_h22566
_i435
_si
949 _bBC
_cTES
_d33724000905055
_eTS2
_fc.2
_h22567
_i435
_si
999 _c287
_d287